ਰੱਬੀ ਜੋਤ / (Record no. 88542)

MARC details
000 -LEADER
fixed length control field 00735nam a22002297a 4500
005 - DATE AND TIME OF LATEST TRANSACTION
control field 20140911122518.0
008 - FIXED-LENGTH DATA ELEMENTS--GENERAL INFORMATION
fixed length control field 131126b xxu||||| |||| 00| 0 pun d
010 ## - LCCN (DPL NO)
LC control number PUN-
020 ## - INTERNATIONAL STANDARD BOOK NUMBER
Terms of availability 200.00
International Standard Book Number 9788178564135
035 ## - SYSTEM CONTROL NUMBER
System control number PN-
037 ## - SOURCE OF ACQUISITION
Source of stock number/acquisition DBAD/PUB/
040 ## - CATALOGING SOURCE
Original cataloging agency dpl
Language of cataloging pn
082 ## - DEWEY DECIMAL CLASSIFICATION NUMBER
Classification number 851
100 ## - MAIN ENTRY--PERSONAL NAME
Personal name ਜਗਜੀਤ ਮੁਕਤਸਰੀ
245 ## - TITLE STATEMENT
Title ਰੱਬੀ ਜੋਤ /
Statement of responsibility, etc ਜਗਜੀਤ ਮੁਕਤਸਰੀ
246 ## - VARYING FORM OF TITLE
Title proper/short title rabbi jyot
Remainder of title by Jagjit mukatsari
260 ## - PUBLICATION, DISTRIBUTION, ETC. (IMPRINT)
Place of publication, distribution, etc Amritsar
Name of publisher, distributor, etc Waris Shah Foundation
Date of publication, distribution, etc 2014
270 ## - ADDRESS
City Amritsar
Address 42, G T B Nagar
Telephone number 0183-2450520
Postal code 143002
300 4# - PHYSICAL DESCRIPTION
Extent 160p.
Dimensions 22ਸੇਂਮੀ (ਸਜਿਲੱਦ)
942 ## - ADDED ENTRY ELEMENTS (KOHA)
Source of classification or shelving scheme Dewey Decimal Classification
Item type Punjabi Bks
Classification part 851
Call number suffix ਜਗਜੀ
Holdings
Withdrawn status Lost status Source of classification or shelving scheme Damaged status Not for loan Collection code Home library Current library Date acquired Source of acquisition Cost, normal purchase price Total Checkouts Full call number Date last seen Copy number Cost, replacement price Koha item type
    Dewey Decimal Classification     Non-fiction D.B.Act.Division D.B.Act.Division 11/09/2014 DBAD 200.00   851 ਜਗਜੀ 11/09/2014 1 200.00 Punjabi Bks

© Delhi Public Library
Hit Counter
free hit counter